Größte Orte in Niedersachsen A-Z - Statistiken

Allgemein
  • Dieses Quiz wurde 115 mal gespielt
  • Das Durchschnittsergebnis liegt bei 16 aus 24
Antwortstatistiken
Landkreis Einwohnerzahl Stadt % Korrekt
B kreisfrei 252.066 Braunschweig
96%
H keine Hinweise, das wäre sonst zu einfach 548.186 Hannover
96%
G keine Hinweise, das wäre sonst zu einfach 120.261 Göttingen
93%
O kreisfrei 174.629 Oldenburg
92%
C keine Hinweise, das wäre sonst zu einfach 70.293 Celle
91%
W kreisfrei 127.256 Wolfsburg
86%
E kreisfrei 50.659 Emden
84%
L keine Hinweise, das wäre sonst zu einfach 77.511 Lüneburg
82%
S kreisfrei 105.039 Salzgitter
81%
D kreisfrei 78.979 Delmenhorst
80%
P keine Hinweise, das wäre sonst zu einfach 51.521 Peine
80%
J Friesland 14.913 Jever
75%
U keine Hinweise, das wäre sonst zu einfach 33.991 Uelzen
75%
V keine Hinweise, das wäre sonst zu einfach 34.145 Vechta
66%
Q Osnabrück 13.947 Quakenbrück
65%
A keine Hinweise, das wäre sonst zu einfach 43.375 Aurich
63%
N Grafschaft Bentheim 55.619 Nordhorn
62%
M Osnabrück 47.387 Melle
60%
F Cloppenburg 23.234 Friesoythe
41%
R Schaumburg 25.626 Rinteln
41%
I Region Hannover 24.459 Isernhagen
39%
K Helmstedt 15.860 Königslutter am Elm
34%
Z Rotenburg (Wümme) 14.376 Zeven
30%
T Harburg 14.835 Tostedt
26%
Keine übereinstimmenden Quizze gefunden
Verteilung der Resultate
Anzahl Personen mit jedem Resultat
Perzentil nach korrekt beantworteten Fragen
Ihre Resultats-Entwicklung
Sie haben dieses Quiz noch nicht gespielt